00569nam a2200133Ia 4500008004100000020001800041050002600059245015700085260005800242300003700300500005600337521000700393650003500400140609s9999 xx 000 0 und d a9780760958629 aLB 1139.4b.B854 2010 aBrigance early childhood screen II :b3-5 years /c[Compiled from the BRIGANCE Preschool Screen-II and the BRIGANCE K&1 Screen-II by Albert H. Brigance] aNorth Billerica, MA :bCurriculum Associates,cc2010. a122 p. :bcol. ill. ;c26x30 cm. aIncludes appendices and bibliographical references. aGE aReadiness for schoolxTesting.